00719nam a2200241 a 4500001001300000003000900013005001700022008004100039020002300080082001500103100001700118245005100135260004400186300000900230500003500239505002400274650001400298700001700312902000800329942000700337952011600344999001700460nice12345678IN_TiNIC20260116014804.0100412s2006 mica grp 000 0 eng  a9780802832153c82000a232.3bHEI aHeim, S Mark aSaved from Sacrificeb A Theology of the Cross aMichiganbWilliam B.Eerdmans Pub c2006 a346p aincludes index and biblioraphy2 aBibliography, Index aAtonement1 aHeim, S Mark bSRS cBK 001040708StackRoom-aHMIbHMId2010-04-13g820.00l0o232.3 HEIp023270r2010-04-13v820.00w2010-04-12yBK c16973d16973